Art History - impressionism artists - Statistics

General Stats
  • This quiz has been taken 121 times
  • The average score is 8 of 16
Answers on the Grid
Answers color-coded by a green-red scale on the quiz's grid according to % correct below.
Monet
Bosch
Manet
Rembrandt
Cézanne
Renoir
Klimt
Degas
Van Gogh
Morisot
Pissarro
Munch
Schiele
Sisley
Kandinsky
Seurat
Uccello
Magritte
Pollock
Boudin
Caillebotte
Botticelli
Vermeer
Bazille
Velázquez
Gauguin
Signac
Kirchner
Masaccio
Duchamp
Toulouse-Lautrec
Goya
 
Answer Stats
Answer % Correct
Monet
97%
Manet
81%
Renoir
65%
Van Gogh
65%
Cézanne
62%
Degas
61%
Seurat
45%
Gauguin
42%
Pissarro
42%
Toulouse-Lautrec
36%
Morisot
33%
Sisley
30%
Signac
29%
Caillebotte
26%
Boudin
23%
Bazille
17%
No matching quizzes found
Score Distribution
Percent of People with Each Score
Percentile by Number Answered
Your Score History
You have not taken this quiz